000 00382 a2200109 4500
001 ART_56356
005 20260410161947.0
008 260409a
245 1 0 _aEl lenguaje claro para el acceso a la justicia y como garantía de los derechos de la seguridad social
100 1 _aBlanco, Mariela
773 0 _tTemas de derecho laboral
_g- N° 6 (jun. 2022)
_wREV27619
999 _c30021
_d30021